LEADER 00981cam0-22003611i-450- 001 990006330020403321 005 20060309173845.0 010 $a88-348-5059-9 035 $a000633002 035 $aFED01000633002 035 $a(Aleph)000633002FED01 035 $a000633002 100 $a20000112d1995----km-y0itay50------ba 101 0 $aita 102 $aIT 105 $ay-------001yy 200 1 $a<>nascituri concepiti e i concepiti artificiali$fSilverio Grassi 210 $aTorino$cGiappichelli$d1995 215 $a159 p.$d24 cm 676 $a346.012$v20$zita 676 $a346.015 700 1$aGrassi,$bSilverio$0232245 801 0$aIT$bUNINA$gRICA$2UNIMARC 901 $aBK 912 $a990006330020403321 952 $aVIII C 329$b32450*$fFGBC 952 $a10-C-466$b8227$fDDCP 952 $aIX D 50$b1850$fDDCIC 959 $aFGBC 959 $aDDCIC 959 $aDDCP 996 $aNascituri concepiti e i concepiti artificiali$966780 997 $aUNINA LEADER 01000nam--2200349---450- 001 990003335140203316 005 20091016104411.0 010 $a978-88-430-4916-5 035 $a000333514 035 $aUSA01000333514 035 $a(ALEPH)000333514USA01 035 $a000333514 100 $a20091016h2009----km-y0itay50------ba 101 $aita 102 $aIT 105 $aa---||||001yy 200 1 $aChe cos'è la robotica autonoma$fStefano Nolfi 210 $aRoma$cCarocci$d2009 215 $a127 p.$cill.$d20 cm 225 2 $a<> bussole$iFilosofia e scienze$v355 410 0$12001$a<> bussole$iFilosofia e scienze$v355 606 0 $aAutomi$2BNCF 676 $a629.892 700 1$aNOLFI,$bStefano$065744 801 0$aIT$bsalbc$gISBD 912 $a990003335140203316 951 $a629.892 NOL$b217244 L.M.$c629$d00229047 959 $aBK 969 $aTEC 979 $aPAOLA$b90$c20091016$lUSA01$h1044 996 $aChe cos'è la robotica autonoma$91120751 997 $aUNISA